Statystyki dla Zwycięzcy Oscarów (2000-2019)

Kliknij tutaj aby rozwiązać quiz!

Ogólne statystyki

  • Ten quiz został rozwiązany 57 razy
  • Średni wynik to 9 z 20

Statystyki odpowiedzi

RokTytuł% Poprawnych
2017Moonlight
71%
2001Gladiator
60%
2019Green Book
60%
2004Władca Pierścieni: Powrót króla
60%
2015Birdman
52%
2016Spotlight
52%
2012Artysta
50%
2018Kształt wody
50%
2008To nie jest kraj dla starych ludzi
50%
2014Zniewolony. 12 years a slave
48%
2011Jak zostać królem
45%
2013Operacja Argo
40%
2002Piękny umysł
36%
2009Slumdog. Milioner z ulicy
36%
2000American Beauty
33%
2003Chicago
33%
2007Infiltracja
33%
2006Miasto gniewu
31%
2010The Hurt Locker. W pułapce wojny
31%
2005Za wszelką cenę
26%

Rozkład punktacji

Percentyl według liczby udzielonych odpowiedzi

Procent ludzi z każdym wynikiem

Twoja historia wyników

Nie rozwiązałeś tego quizu